| 000 | 00000nam 2200000za 4500 |
| 001 | 9.840509 |
| 003 | CaOODSP |
| 005 | 20221107151848 |
| 007 | cr ||||||||||| |
| 008 | 170727s1983 onc |o f|0| 0 fre d |
| 040 | |aCaOODSP|bfre |
| 043 | |an-cn--- |
| 086 | 1 |aCS11-617/85-6F-PDF |
| 100 | 1 |aHidiroglou, M. A. |
| 245 | 10|aTest khi-carré pour l'analyse de tableaux de contingence à trois dimensions tirés de l'Enquête Santé Canada |h[ressource électronique] / |cM. A. Hidiroglou et J. N. K. Rao. |
| 260 | |a[Ottawa] : |bStatistique Canada, |c1983. |
| 300 | |a35 p. |
| 490 | 1 |aCahier de travail (Statistique Canada. Direction de la méthodologie) ; |v85-6 |
| 500 | |aPubli. aussi en anglais sous le titre : Chi-square tests for the analysis of three-way contingency tables from the Canada Health Survey. |
| 500 | |aÉdition numérisée de l'imprimé [par Statistique Canada]. |
| 500 | |a« Janvier 1983. » |
| 504 | |aComprend des références bibliographiques. |
| 692 | 07|2gccst|aMéthodologie |
| 692 | 07|2gccst|aAnalyse statistique |
| 692 | 07|2gccst|aSondage |
| 700 | 1 |aRao, J. N. K. |
| 710 | 1 |aCanada. |bStatistique Canada. |bDirection de la méthodologie. |
| 775 | 08|tChi-square tests for the analysis of three-way contingency tables from the Canada Health Survey |w(CaOODSP)9.840508 |
| 830 | #0|aCahier de travail (Statistique Canada. Direction de la méthodologie)|v85-6|w(CaOODSP)9.834767 |
| 856 | 40|qPDF|s5.46 Mo|uhttps://publications.gc.ca/collections/collection_2017/statcan/11-613/CS11-617-85-6-fra.pdf |
| 986 | |a11-617F no. 85-06 |